Classical roots for medics / (Record no. 4946)
[ view plain ]
| 000 -LEADER | |
|---|---|
| fixed length control field | 00575nam a2200193 a 4500 |
| 003 - CONTROL NUMBER IDENTIFIER | |
| control field | ALUPE UNIVERSITY |
| 005 - DATE AND TIME OF LATEST TRANSACTION | |
| control field | 20220331111208.0 |
| 008 - FIXED-LENGTH DATA ELEMENTS--GENERAL INFORMATION | |
| fixed length control field | 070528s2007 stk 000 0 eng d |
| 020 ## - INTERNATIONAL STANDARD BOOK NUMBER | |
| International Standard Book Number | 9780550103499 (pbk.) |
| 040 ## - CATALOGING SOURCE | |
| Transcribing agency | ALUPE UNIVERSITY |
| 050 ## - LIBRARY OF CONGRESS CALL NUMBER | |
| Classification number | R121 |
| Item number | .C53 2007 |
| 245 00 - TITLE STATEMENT | |
| Title | Classical roots for medics / |
| Statement of responsibility, etc. | [editor, Katie Brooks]. |
| 260 ## - PUBLICATION, DISTRIBUTION, ETC. | |
| Place of publication, distribution, etc. | Edinburgh : |
| Name of publisher, distributor, etc. | Chambers, |
| Date of publication, distribution, etc. | c2007. |
| 300 ## - PHYSICAL DESCRIPTION | |
| Extent | ix, 213 p. ; |
| Dimensions | 20 cm. |
| 650 #0 - SUBJECT ADDED ENTRY--TOPICAL TERM | |
| Topical term or geographic name entry element | Medicine |
| Form subdivision | Terminology. |
| 700 1# - ADDED ENTRY--PERSONAL NAME | |
| Personal name | Brooks, Katie. |
| 942 ## - ADDED ENTRY ELEMENTS (KOHA) | |
| Source of classification or shelving scheme | |
| Koha item type | Book |
| Withdrawn status | Lost status | Source of classification or shelving scheme | Damaged status | Not for loan | Permanent Location | Current Location | Shelving location | Date acquired | Source of acquisition | Total Checkouts | Full call number | Barcode | Date last seen | Price effective from | Koha item type | Public note |
|---|---|---|---|---|---|---|---|---|---|---|---|---|---|---|---|---|
| AU LIBRARY | AU LIBRARY | Open Shelf | 31.03.2022 | DONATION FROM MOI UNIVERSITY | R121 .C53 2007 | 28011839 | 31.03.2022 | 31.03.2022 | Book | WO |